000 00203 a2200097 4500
001 41736
100 _aHarris N
245 _aVictorian antiques
260 _aWestern
_bPub Co
_c
090 _c25853
_d25853
942 _aNUST-CAE
_cM
_c17617
999 _c276809
_d276809